Food and Nutrition (Record no. 6351)
[ view plain ]
| 000 -LEADER | |
|---|---|
| fixed length control field | 00333nam a2200157Ia 4500 |
| 003 - CONTROL NUMBER IDENTIFIER | |
| control field | OSt |
| 005 - DATE AND TIME OF LATEST TRANSACTION | |
| control field | 20240130164159.0 |
| 008 - FIXED-LENGTH DATA ELEMENTS--GENERAL INFORMATION | |
| fixed length control field | 170524s9999 xx 000 0 und d |
| 020 ## - INTERNATIONAL STANDARD BOOK NUMBER | |
| International Standard Book Number | 812041795X |
| 040 ## - CATALOGING SOURCE | |
| Transcribing agency | IIMT |
| 100 ## - MAIN ENTRY--PERSONAL NAME | |
| Personal name | Swaminathan-M. |
| 245 #0 - TITLE STATEMENT | |
| Title | Food and Nutrition |
| 260 ## - PUBLICATION, DISTRIBUTION, ETC. | |
| Name of publisher, distributor, etc. | Bappco |
| 260 ## - PUBLICATION, DISTRIBUTION, ETC. | |
| Date of publication, distribution, etc. | 1985 |
| 942 ## - ADDED ENTRY ELEMENTS (KOHA) | |
| Source of classification or shelving scheme | |
| Koha item type | Book Bank |
| Withdrawn status | Lost status | Source of classification or shelving scheme | Damaged status | Not for loan | Home library | Current library | Date acquired | Coded location qualifier | Barcode | Date last seen | Price effective from | Koha item type | Public note | Total Checkouts | Date last checked out |
|---|---|---|---|---|---|---|---|---|---|---|---|---|---|---|---|
| IIMT University Central Library Meerut | IIMT University Central Library Meerut | 05/31/2017 | Department | 01-B-74869 | 05/31/2017 | 05/31/2017 | Book Bank / Loan Books | Central Library to Hotel Management Departmental Library | |||||||
| IIMT University Central Library Meerut | IIMT University Central Library Meerut | 05/31/2017 | Department | 01-B-74870 | 05/31/2017 | 05/31/2017 | Book Bank / Loan Books | Central Library to Hotel Management Departmental Library | |||||||
| IIMT University Central Library Meerut | IIMT University Central Library Meerut | 05/31/2017 | 01-B-75069 | 01/08/2019 | 05/31/2017 | Book Cost Paid | Write off (Book cost paid to Account Department) in old SAMS data | 2 | 11/03/2018 |

